000 nam a22 7a 4500
999 _c44464
_d44464
003 OSt
005 20181011131635.0
008 181011b xxu||||| |||| 00| 0 eng d
040 _cIIMT COLLEGE OF D. PHARMA
100 _aKAPOOR, V.K
245 _aORGANIC PHARMACEUTICAL CHEMISTRY
260 _aNEW DELHI
_bVALLABH
_c2018
300 _a504
942 _2ddc
_c02